000
00303nam a2200133Ia 4500
005
20251222155041.0
008
251222s9999||||xx |||||||||||||| ||spa||
082
_a
PED. 17.1
100
_a
Univ.Cayetano H.
245
0
_a
Aspectos Metodologicos
250
_a
1ra. ed.
264
_b
Latina
942
_c
LIB
999
_c
36931
_d
36931